000 01058cab a2200325 4500
001 ABS44199
008 090401t1991 xxu||||| |||| 00| 0 eng d
035 _a(Sirsi) u45778
041 _aeng
100 _aSquire, G.
245 _aRecreating rights through collateral warranties
260 _c1991
350 _a0
490 _aLaw Society`s Gazette
_v(10) 13 March 1991, 18-19 (2)
520 _aLooks at the increasing use of collateral warranties as a safeguard in the construction industry . Refers to case law .
650 _aCAPARO V DICKMAN
650 _aCONTRACTUAL RIGHTS
650 _aD AND F ESTATES LTD AND OTHERS V CHURCH COMMISSIONERS FOR ENGLAND AND OTHERS
650 _aDEFECTS
650 _aDUTY OF CARE
650 _aInsurance
_96249
650 _aJAMES MCNAUGHTON PAPER GROUP LTD V HICKS ANDERSON AND CO
650 _aJOINT INSURANCE
650 _aNEGLIGENCE
650 _aPROFESSIONAL INDEMNITY
650 _aTHIRD PARTY
690 _aBUILT ENVIRONMENT-BUILDING PATHOLOGY
942 _n0
948 _c04/03/1997
999 _c28966
_d28966